| 000 | 00661nam a2200205 i 4500 | ||
|---|---|---|---|
| 001 | 188074 | ||
| 003 | ES-MaACL | ||
| 005 | 20230906223114.0 | ||
| 008 | 180424s1990 xxkae |||| | eng d | ||
| 020 | _a0-7123-0230-1 | ||
| 080 | _a027(410.111 L.) | ||
| 110 | 2 |
_aBritish Library. _92244 |
|
| 245 | 1 | 4 |
_aThe British Library _b: humanities & social sciences collections : [guide] / _c[written by Janice Anderson]. |
| 250 | _aRepr. with corr. | ||
| 260 |
_aLondon : _bBritish Library, _c1990. |
||
| 300 |
_a80 p. : _bil. col. y n., 1 plano ; _c24 cm. |
||
| 504 | _aBibliografía: p. 78. | ||
| 610 | 2 | 4 |
_aBritish Library. _92244 |
| 852 |
_aES-MaACL _jL-31965 |
||
| 999 |
_c188074 _d188074 |
||